[Event "Titled Tuesday intern op 30th Mar"]
[Site "Chess.com INT"]
[Date "2021.03.30"]
[Round "1"]
[White "Licznerski, Lukasz"]
[Black "Trichkov, Vasil"]
[Result "1-0"]
[WhiteElo "2382"]
[BlackElo "2302"]
[PlyCount "131"]
[EventDate "2021.03.30"]
[EventType "swiss (blitz)"]
[EventRounds "11"]
[EventCountry "USA"]
[SourceTitle "CBM 201 Extra"]
[Source "ChessBase"]
[SourceDate "2021.05.31"]
[SourceVersion "1"]
[SourceVersionDate "2021.05.31"]
[SourceQuality "1"]

1. e4 c5 2. Nf3 d6 3. d4 Nf6 4. Nc3 cxd4 5. Nxd4 a6 6. f4 e5 7. Nf3 Qc7 8. Bd3 Nbd7 9. a4 Nc5 10. 0-0 Be7 11. Kh1 0-0 12. Qe2 Nxd3 13. cxd3 Bg4 14. h3 Bxf3 15. Rxf3 Qc6 16. fxe5 dxe5 17. Bg5 Rae8 18. Bxf6 Bxf6 19. Nd5 Bd8 20. Rff1 Bb6 21. Rac1 Qe6 22. Qg4 Qxg4 23. hxg4 Bd8 24. g3 b5 25. axb5 axb5 26. Rc5 Bg5 27. Rxb5 Rb8 28. Rxb8 Rxb8 29. b4 f6 30. Rb1 Bd2 31. Kg2 Kf7 32. Kf3 Ke6 33. Ke2 Bh6 34. Ra1 Rc8 35. Ra6+ Kf7 36. Ra7+ Ke6 37. Ra6+ Kf7 38. Ra2 Rc1 39. Rb2 Rh1 40. Kf3 Rf1+ 41. Kg2 Ra1 42. b5 Ra7 43. b6 Rb7 44. Ra2 Ke6 45. Ra7 Rb8 46. Kf3 Kd6 47. Ke2 Kc6 48. Rc7+ Kd6 49. Ra7 Kc6 50. Kd1 Rb7 51. Ra8 Kc5 52. Kc2 Kd4 53. Ra4+ Kc5 54. Rc4+ Kb5 55. Rc7 Ka6 56. Rc8 Kb5 57. Kb3 Bd2 58. Rc7 Ka6 59. Kc4 Ba5 60. Rxb7 Kxb7 61. Kb5 Be1 62. Nb4 Bf2 63. Nd5 Bxg3 64. Kc5 Bf2+ 65. Kd6 Bxb6 66. Ke6 1-0

[Event "Titled Tuesday intern op 30th Mar"]
[Site "Chess.com INT"]
[Date "2021.03.30"]
[Round "6"]
[White "Trichkov, Vasil"]
[Black "Fajdetic, Hrvoje"]
[Result "0-1"]
[WhiteElo "2302"]
[BlackElo "2151"]
[PlyCount "116"]
[EventDate "2021.03.30"]
[EventType "swiss (blitz)"]
[EventRounds "11"]
[EventCountry "USA"]
[SourceTitle "CBM 201 Extra"]
[Source "ChessBase"]
[SourceDate "2021.05.31"]
[SourceVersion "1"]
[SourceVersionDate "2021.05.31"]
[SourceQuality "1"]

1. d4 e6 2. Nf3 f5 3. g3 Nf6 4. Bg2 Be7 5. 0-0 0-0 6. c4 d6 7. Nc3 Qe8 8. Qb3 Ne4 9. Nxe4 fxe4 10. Ng5 Bxg5 11. Bxg5 Qg6 12. Be3 c6 13. d5 exd5 14. cxd5 c5 15. Rac1 b6 16. Bf4 Na6 17. Rc4 Bf5 18. Qa4 Nb4 19. a3 Nxd5 20. Bc1 Nf6 21. b4 Bd7 22. Qc2 Bb5 23. Bxe4 Nxe4 24. Rxe4 Rae8 25. f3 d5 26. Qa2 Bc4 27. Rxc4 dxc4 28. Qxc4+ Qe6 29. Qxe6+ Rxe6 30. bxc5 bxc5 31. e4 Rd8 32. Be3 Rc6 33. e5 a6 34. f4 g6 35. Kf2 Rd3 36. Rb1 Rxa3 37. Rb8+ Kf7 38. Rb7+ Kg8 39. Rb8+ Kf7 40. Rb7+ Ke6 41. Rxh7 c4 42. Rg7 Kf5 43. Rf7+ Ke4 44. Ba7 Ra2+ 45. Ke1 c3 46. Rd7 c2 47. Rd4+ Kf3 48. Rd3+ Kg4 49. Be3 c1Q+ 50. Bxc1 Rxc1+ 51. Rd1 Rxd1+ 52. Kxd1 Rxh2 53. e6 Rh8 54. Ke2 Kf5 55. Ke3 Kxe6 56. g4 Rh4 57. Kf3 Rh3+ 58. Kg2 Ra3 0-1

[Event "Titled Tuesday intern op 30th Mar"]
[Site "Chess.com INT"]
[Date "2021.03.30"]
[Round "4"]
[White "Wiwatanadate, Poompong"]
[Black "Trichkov, Vasil"]
[Result "0-1"]
[WhiteElo "2035"]
[BlackElo "2302"]
[PlyCount "142"]
[EventDate "2021.03.30"]
[EventType "swiss (blitz)"]
[EventRounds "11"]
[EventCountry "USA"]
[SourceTitle "CBM 201 Extra"]
[Source "ChessBase"]
[SourceDate "2021.05.31"]
[SourceVersion "1"]
[SourceVersionDate "2021.05.31"]
[SourceQuality "1"]

1. d4 d5 2. c4 c6 3. Nf3 Nf6 4. Nc3 dxc4 5. a4 Bf5 6. e3 e6 7. Bxc4 Bb4 8. 0-0 0-0 9. Nh4 Bg4 10. f3 Bh5 11. g4 Nd5 12. Ng2 Bg6 13. Bd2 a5 14. e4 Nb6 15. Bd3 Qxd4+ 16. Be3 Qd8 17. Qe2 N8d7 18. f4 f6 19. Rfd1 Qe7 20. Qf2 Bc5 21. f5 Bf7 22. h4 Bxe3 23. Nxe3 Ne5 24. Be2 Qb4 25. Rab1 Rad8 26. Nc2 Qb3 27. Na1 Qb4 28. Nc2 Rxd1+ 29. Nxd1 Qb3 30. Na1 Qb4 31. Nc2 Qxa4 32. fxe6 Bxe6 33. Nd4 Bxg4 34. b3 Qb4 35. Nc2 Qd2 36. Bxg4 Qxf2+ 37. Nxf2 Nxg4 38. Nxg4 Rd8 39. Nge3 Rd3 40. Kf2 Nd7 41. Ke2 Ne5 42. Ne1 Rd4 43. Nf5 Rxe4+ 44. Kf2 Rf4+ 45. Ke3 Rxf5 46. Ke4 Rh5 47. Ng2 Ng6 48. Rd1 Re5+ 49. Kf3 Rd5 50. Re1 Kf7 51. Ra1 Rb5 52. Ra3 b6 53. Ne3 Nxh4+ 54. Ke4 Rb4+ 55. Kd3 g6 56. Nc2 Rg4 57. Ra1 Nf5 58. Re1 Rg3+ 59. Kd2 Rxb3 60. Rh1 h5 61. Re1 Rb5 62. Kd3 Rd5+ 63. Kc3 b5 64. Kb3 Rd3+ 65. Kb2 Nd4 66. Ne3 a4 67. Ka2 b4 68. Nd1 Rd2+ 69. Kb1 a3 70. Ne3 a2+ 71. Ka1 Nb3# 0-1

[Event "Titled Tuesday intern op 23rd Mar"]
[Site "Chess.com INT"]
[Date "2021.03.23"]
[Round "2"]
[White "Souza dos Santos, Matheus Garcett"]
[Black "Trichkov, Vasil"]
[Result "0-1"]
[WhiteElo "1977"]
[BlackElo "2302"]
[PlyCount "84"]
[EventDate "2021.03.23"]
[EventType "swiss (blitz)"]
[EventRounds "11"]
[EventCountry "USA"]
[SourceTitle "CBM 201 Extra"]
[Source "ChessBase"]
[SourceDate "2021.05.31"]
[SourceVersion "1"]
[SourceVersionDate "2021.05.31"]
[SourceQuality "1"]

1. e4 c5 2. Nf3 d6 3. d4 Nf6 4. Nc3 cxd4 5. Nxd4 a6 6. Nb3 e5 7. Bg5 h6 8. Bxf6 Qxf6 9. Na5 Qd8 10. Nc4 Be6 11. Ne3 Nd7 12. Qd2 Rc8 13. 0-0-0 Nf6 14. h4 Be7 15. f3 b5 16. a3 Nd7 17. g4 Bxh4 18. Qxd6 Bg5 19. Qd3 Nc5 20. Qe2 Qc7 21. Kb1 Na4 22. Ned5 Nxc3+ 23. Nxc3 Qc5 24. Nd5 0-0 25. Qd3 Rfd8 26. Qb3 Rd7 27. Be2 Rcd8 28. c4 bxc4 29. Bxc4 Rc8 30. Bxa6 Ra8 31. Bc4 Qa7 32. Nb4 Rb7 33. Bxe6 fxe6 34. Qxe6+ Kh8 35. Qc4 Rc7 36. Qb3 Rac8 37. Rd5 Qf2 38. Rhd1 Rc1+ 39. Rxc1 Rxc1+ 40. Ka2 Qf1 41. Qa4 Qc4+ 42. b3 Qe2+ 0-1

[Event "Titled Tuesday intern op 23rd Mar"]
[Site "Chess.com INT"]
[Date "2021.03.23"]
[Round "3"]
[White "Trichkov, Vasil"]
[Black "Dvirnyy, Danyyil"]
[Result "0-1"]
[WhiteElo "2302"]
[BlackElo "2480"]
[PlyCount "106"]
[EventDate "2021.03.23"]
[EventType "swiss (blitz)"]
[EventRounds "11"]
[EventCountry "USA"]
[SourceTitle "CBM 201 Extra"]
[Source "ChessBase"]
[SourceDate "2021.05.31"]
[SourceVersion "1"]
[SourceVersionDate "2021.05.31"]
[SourceQuality "1"]

1. d4 Nf6 2. Nf3 e6 3. g3 d5 4. Bg2 b5 5. 0-0 Bb7 6. a4 b4 7. c4 bxc3 8. Nxc3 Be7 9. Qb3 Ba6 10. Bf4 c6 11. Ne5 0-0 12. Rfc1 Qa5 13. e4 h6 14. h3 Qb6 15. Qxb6 axb6 16. Be3 Bb7 17. exd5 exd5 18. b3 Nbd7 19. f4 Rfc8 20. Ra2 Nf8 21. Rac2 Ne6 22. f5 Nf8 23. Ne2 Ba3 24. Ra1 Bb4 25. Rac1 Ba3 26. Ra1 Bd6 27. Rac1 c5 28. Nf4 Re8 29. Nfd3 Ba6 30. Bf2 Ne4 31. Bxe4 dxe4 32. Nf4 Bxe5 33. dxe5 Rxe5 34. g4 e3 35. Bg3 Re4 36. Re1 Rd8 37. Rc3 e2 38. Kf2 Rd1 39. Kf3 Re8 40. Re3 Rxe3+ 41. Kxe3 Nd7 42. Nxe2 Rd3+ 43. Kf2 Rxb3 44. Nf4 Nf6 45. Re7 Bc4 46. Rb7 Ne4+ 47. Kg1 Rxg3+ 48. Kh2 Rf3 49. Nh5 Rf2+ 50. Kg1 Rf1+ 51. Kh2 Ng5 52. f6 gxf6 53. Nxf6+ Rxf6 0-1

[Event "Titled Tuesday intern op 16th Mar"]
[Site "Chess.com INT"]
[Date "2021.03.16"]
[Round "5"]
[White "Trichkov, Vasil"]
[Black "Baskin, Robert"]
[Result "1-0"]
[WhiteElo "2302"]
[BlackElo "2390"]
[PlyCount "69"]
[EventDate "2021.03.16"]
[EventType "swiss (blitz)"]
[EventRounds "11"]
[EventCountry "USA"]
[SourceTitle "CBM 201 Extra"]
[Source "ChessBase"]
[SourceDate "2021.05.31"]
[SourceVersion "1"]
[SourceVersionDate "2021.05.31"]
[SourceQuality "1"]

1. d4 Nf6 2. Nf3 e6 3. g3 b6 4. Bg2 Bb7 5. 0-0 Be7 6. c4 0-0 7. Nc3 Ne4 8. d5 Nxc3 9. bxc3 Na6 10. Nd4 Nc5 11. Ba3 Qc8 12. Nb3 e5 13. Bxc5 Bxc5 14. Nxc5 bxc5 15. d6 Bxg2 16. Kxg2 c6 17. Qa4 Qb8 18. Rfd1 Qb2 19. Qa5 Qxe2 20. Qxc5 e4 21. Re1 Qf3+ 22. Kg1 Qxc3 23. Rac1 Qb2 24. Rb1 Qxa2 25. Rb7 Rad8 26. Rxe4 a5 27. Re7 Qa1+ 28. Kg2 f5 29. Rbxd7 Rxd7 30. Rxd7 f4 31. gxf4 Qd1 32. Qg5 Qd4 33. c5 h6 34. Qe5 Qxf4 35. Qxg7# 1-0

[Event "Titled Tuesday intern op 16th Mar"]
[Site "Chess.com INT"]
[Date "2021.03.16"]
[Round "3"]
[White "Trichkov, Vasil"]
[Black "Quirke, Jeffrey"]
[Result "1/2-1/2"]
[WhiteElo "2302"]
[BlackElo "2107"]
[PlyCount "104"]
[EventDate "2021.03.16"]
[EventType "swiss (blitz)"]
[EventRounds "11"]
[EventCountry "USA"]
[SourceTitle "CBM 201 Extra"]
[Source "ChessBase"]
[SourceDate "2021.05.31"]
[SourceVersion "1"]
[SourceVersionDate "2021.05.31"]
[SourceQuality "1"]

1. d4 d5 2. Nf3 e6 3. g3 b5 4. Bg2 Nf6 5. 0-0 Bb7 6. a4 b4 7. c4 c5 8. cxd5 Bxd5 9. Bg5 Nbd7 10. Nbd2 Be7 11. dxc5 Nxc5 12. Rc1 Rc8 13. Ne5 Bxg2 14. Kxg2 0-0 15. Ndf3 h6 16. Be3 Qxd1 17. Rfxd1 Nxa4 18. Nc6 Bd8 19. Nxb4 Rxc1 20. Rxc1 Bb6 21. Bxb6 Nxb6 22. Nc6 a6 23. Ra1 Ra8 24. Nfd4 Nfd5 25. e3 Nc4 26. b3 Nd6 27. Ra5 Kf8 28. e4 Nc3 29. e5 Ndb5 30. Nxb5 Nxb5 31. Nb4 Nd4 32. Rxa6 Rxa6 33. Nxa6 Nxb3 34. f4 f6 35. exf6 gxf6 36. Nc7 Kf7 37. Nb5 Nc5 38. Nd4 h5 39. Kf3 e5 40. fxe5 fxe5 41. Ne2 Kf6 42. Ke3 Kf5 43. h3 Ne6 44. Ng1 Nd4 45. Nf3 Nxf3 46. Kxf3 e4+ 47. Ke3 Ke5 48. g4 hxg4 49. hxg4 Kd5 50. g5 Ke5 51. g6 Kf6 52. Kxe4 Kxg6 1/2-1/2

[Event "Titled Tuesday intern op 09th Mar"]
[Site "Chess.com INT"]
[Date "2021.03.09"]
[Round "10"]
[White "Kubicka, Anna"]
[Black "Trichkov, Vasil"]
[Result "1/2-1/2"]
[WhiteElo "2235"]
[BlackElo "2302"]
[PlyCount "82"]
[EventDate "2021.03.09"]
[EventType "swiss (blitz)"]
[EventRounds "11"]
[EventCountry "USA"]
[SourceTitle "CBM 201 Extra"]
[Source "ChessBase"]
[SourceDate "2021.05.31"]
[SourceVersion "1"]
[SourceVersionDate "2021.05.31"]
[SourceQuality "1"]

1. e4 c5 2. Ne2 d6 3. g3 Nc6 4. Bg2 g6 5. c3 Bg7 6. d4 Nf6 7. 0-0 0-0 8. h3 e5 9. Be3 b6 10. Na3 Ba6 11. d5 Ne7 12. c4 Nh5 13. Qc2 f5 14. f4 fxe4 15. Bxe4 Qd7 16. g4 exf4 17. Nxf4 Ng3 18. Rf2 Nxe4 19. Qxe4 Rae8 20. Raf1 Rxf4 21. Bxf4 Bd4 22. Qf3 Rf8 23. Qe2 Rxf4 24. b3 Bc8 25. Nb5 Bxf2+ 26. Rxf2 Rxf2 27. Qxf2 a6 28. Nc3 Kg7 29. Ne4 Ng8 30. Qf4 Qe7 31. Nxd6 Bd7 32. Ne4 Nf6 33. Nxf6 Qxf6 34. Qc7 Qd4+ 35. Kg2 Qd2+ 36. Kg3 Qe1+ 37. Kg2 Qe2+ 38. Kg3 Qe3+ 39. Kg2 Qe2+ 40. Kg3 Qe3+ 41. Kg2 Qe2+ 1/2-1/2

[Event "Titled Tuesday intern op 09th Mar"]
[Site "Chess.com INT"]
[Date "2021.03.09"]
[Round "3"]
[White "Steil Antoni, Fiona"]
[Black "Trichkov, Vasil"]
[Result "1-0"]
[WhiteElo "2129"]
[BlackElo "2302"]
[PlyCount "159"]
[EventDate "2021.03.09"]
[EventType "swiss (blitz)"]
[EventRounds "11"]
[EventCountry "USA"]
[SourceTitle "CBM 201 Extra"]
[Source "ChessBase"]
[SourceDate "2021.05.31"]
[SourceVersion "1"]
[SourceVersionDate "2021.05.31"]
[SourceQuality "1"]

1. e4 c5 2. Nc3 Nc6 3. f4 g6 4. Nf3 Bg7 5. Bb5 Nd4 6. 0-0 Nxb5 7. Nxb5 a6 8. Nc3 b5 9. d3 Bb7 10. Qe1 d6 11. Qh4 e6 12. Qh3 Ne7 13. Bd2 Nc6 14. Rae1 Nd4 15. Nxd4 cxd4 16. Ne2 Qc7 17. f5 Bc8 18. f6 Bf8 19. c3 dxc3 20. Bxc3 e5 21. Qg3 Be6 22. d4 Bxa2 23. dxe5 dxe5 24. Bxe5 Bc5+ 25. Kh1 Qb6 26. Nc3 Bc4 27. Rf3 h5 28. Nd5 Bxd5 29. exd5 0-0 30. Qf4 Rfe8 31. Rg3 Bf8 32. Qg5 Kh7 33. h3 Rad8 34. Bc3 Qc5 35. Rxe8 Rxe8 36. Rf3 Qd6 37. Rf1 Rd8 38. Rd1 b4 39. Bd2 Qxd5 40. Qxd5 Rxd5 41. g4 hxg4 42. hxg4 a5 43. Kg2 Kg8 44. Kf3 Bd6 45. Ke2 Bf4 46. Bxf4 Rxd1 47. Kxd1 a4 48. Bd6 a3 49. bxa3 bxa3 50. Bxa3 Kh7 51. Ke2 g5 52. Kf3 Kg6 53. Be7 Kh6 54. Ke4 Kg6 55. Ke5 Kh6 56. Kf5 Kh7 57. Kxg5 Kg8 58. Kf5 Kh7 59. g5 Kg8 60. g6 fxg6+ 61. Kxg6 Kh8 62. Bb4 Kg8 63. Bc3 Kf8 64. f7 Ke7 65. Kg7 Ke6 66. f8Q Kd5 67. Be1 Ke4 68. Kg6 Ke5 69. Qf5+ Kd4 70. Qe6 Kc5 71. Bh4 Kd4 72. Kf5 Kc5 73. Qd7 Kb6 74. Qc8 Kb5 75. Ke4 Kb4 76. Kd4 Kb5 77. Qc5+ Ka6 78. Qb4 Ka7 79. Kc5 Ka8 80. Kc6 1-0

[Event "Titled Tuesday intern op 09th Mar"]
[Site "Chess.com INT"]
[Date "2021.03.09"]
[Round "9"]
[White "Trichkov, Vasil"]
[Black "Babiy, Olga"]
[Result "1-0"]
[WhiteElo "2302"]
[BlackElo "2300"]
[PlyCount "81"]
[EventDate "2021.03.09"]
[EventType "swiss (blitz)"]
[EventRounds "11"]
[EventCountry "USA"]
[SourceTitle "CBM 201 Extra"]
[Source "ChessBase"]
[SourceDate "2021.05.31"]
[SourceVersion "1"]
[SourceVersionDate "2021.05.31"]
[SourceQuality "1"]

1. d4 d6 2. Nf3 Bg4 3. g3 Bxf3 4. exf3 Nd7 5. f4 d5 6. Bg2 e6 7. 0-0 g6 8. Re1 c6 9. Nd2 Bg7 10. Nf3 Ne7 11. Ne5 0-0 12. b3 c5 13. Bb2 Rc8 14. Rc1 Nf5 15. dxc5 Nxc5 16. Ba3 Qe7 17. c4 dxc4 18. Rxc4 b6 19. Nc6 Qc7 20. b4 Nb7 21. b5 Nbd6 22. Rc1 h5 23. h3 Nxb5 24. Bxf8 Bxf8 25. Qa4 Nbd6 26. Qxa7 Qxa7 27. Nxa7 Rb8 28. Nc6 Rd8 29. Red1 Rc8 30. g4 hxg4 31. hxg4 Nh4 32. Rxd6 Bxd6 33. Ne7+ Bxe7 34. Rxc8+ Kg7 35. Rb8 Bc5 36. a4 g5 37. fxg5 Ng6 38. Rc8 Ne5 39. a5 Nxg4 40. a6 Bxf2+ 41. Kf1 1-0

[Event "Titled Tuesday intern op 02nd Feb"]
[Site "Chess.com INT"]
[Date "2021.02.02"]
[Round "3"]
[White "Korchmar, Vasiliy"]
[Black "Trichkov, Vasil"]
[Result "1/2-1/2"]
[WhiteElo "2451"]
[BlackElo "2302"]
[PlyCount "67"]
[EventDate "2021.02.02"]
[EventType "swiss (blitz)"]
[EventRounds "11"]
[EventCountry "USA"]
[SourceTitle "CBM 200 Extra"]
[Source "ChessBase"]
[SourceDate "2021.03.31"]
[SourceVersion "1"]
[SourceVersionDate "2021.03.31"]
[SourceQuality "1"]

1. e4 c5 2. Nf3 d6 3. d4 Nf6 4. Nc3 cxd4 5. Nxd4 a6 6. Be2 e5 7. Nb3 Be7 8. Bg5 Nbd7 9. Qd2 h6 10. Be3 b5 11. a3 Bb7 12. f3 Rc8 13. g4 Nb6 14. Na5 Ba8 15. h4 d5 16. Bxb6 Qxb6 17. Nxd5 Nxd5 18. exd5 Bxd5 19. Qxd5 Qxa5+ 20. b4 Qc7 21. Bd3 Qc3+ 22. Ke2 Bxh4 23. Rxh4 Qxa1 24. g5 Qc3 25. g6 0-0 26. gxf7+ Rxf7 27. Bg6 Rcf8 28. Bxf7+ Rxf7 29. Rh5 Qxc2+ 30. Ke3 Qc1+ 31. Ke2 Qc2+ 32. Ke3 Qc3+ 33. Kf2 Qc2+ 34. Ke3 1/2-1/2